Loading...
Beliefs - Mythology | 0 | 4 | 1 | 1 | 35 | 120 | 125.50 | 0 | 2 |
Literature - World Lit | 0 | 3 | 1 | 1 | 25 | 77 | 118.33 | 0 | 0 |
Science - Physics | 0 | 2 | 0 | 1 | 20 | 103 | 113.00 | 0 | 1 |
Science - Biology | 0 | 2 | 0 | 1 | 20 | 120 | 121.00 | 1 | 2 |
Literature - American Lit | 0 | 2 | 0 | 0 | 20 | 133 | 135.50 | 0 | 0 |
Beliefs - Religion | 0 | 3 | 2 | 1 | 20 | 99 | 112.33 | 0 | 0 |
Other - Other Academic | 0 | 2 | 0 | 1 | 20 | 132 | 135.50 | 0 | 1 |
Arts - Music | 1 | 0 | 0 | 0 | 15 | 63 | 63.00 | 0 | 1 |
Arts - Painting | 0 | 1 | 0 | 1 | 10 | 132 | 132.00 | 0 | 0 |
Arts - Other Arts | 0 | 1 | 0 | 0 | 10 | 87 | 87.00 | 0 | 0 |
History - World History | 0 | 1 | 0 | 1 | 10 | 127 | 127.00 | 0 | 0 |
Other - Geo/CE | 0 | 1 | 0 | 0 | 10 | 87 | 87.00 | 0 | 0 |
Science - Engineering | 0 | 1 | 0 | 1 | 10 | 135 | 135.00 | 0 | 0 |
Thought - Social Science | 0 | 1 | 1 | 0 | 5 | 110 | 110.00 | 0 | 0 |
Science - Chemistry | 0 | 1 | 1 | 0 | 5 | 114 | 114.00 | 0 | 1 |
Literature - British Lit | 0 | 1 | 1 | 0 | 5 | 157 | 157.00 | 0 | 0 |
History - American History | 0 | 0 | 1 | 0 | -5 | 0.00 | 0 | 0 | |
Literature - Euro Lit | 0 | 0 | 1 | 0 | -5 | 0.00 | 0 | 0 | |
Other - Pop Culture | 0 | 0 | 1 | 0 | -5 | 0.00 | 0 | 0 | |
Thought - Philosophy | 0 | 0 | 1 | 0 | -5 | 0.00 | 0 | 0 | |
Science - Other Science | 0 | 0 | 2 | 0 | -10 | 0.00 | 0 | 0 |